00618 2200229 4500001002100000005001700021008004100038035002500079082001100104090001800115100002100133245006700154250001100221260002200232300003200254500002700286650001800313850001200331990001500343990001500358990001500373YOGYA-0209000003088020150710082611.0 ind  a0010-020900000030880 a658.31 a658.31bMar K aMargatan, Arcole aKiat memperoleh pekerjaan yang anda idamkanc/ Arcole Margatan aCet. 1 aSolobAnekac1994 a140 hlm. :bilus. ;c21 cm. aBibliografi : hlm. 133 aLamaran kerja aYOPDYOG a81830-P/96 a81831-P/96 a81829-P/96